000 00550nam a22001817a 4500
005 20251108164040.0
008 250721s1991 xx 000 0 ara d
082 1 4 _a216,8/أحم
100 1 _aفريد، أحمد
245 1 0 _aتحذير الداني و القاصي من عقوبات الذنوب و المعاصي /
264 1 _aالإسكندرية :
_bدار العقيدة للتراث،
_c1991.
300 _a208ص
650 1 7 _aالإسلام
650 1 7 _aالفقه
650 1 7 _aالعقوبات
942 _2ddc
_cBK
999 _c2322
_d2322